| 000 | 00475nam a2200169Ia 4500 | ||
|---|---|---|---|
| 008 | 230711s9999||||xx |||||||||||||| ||und|| | ||
| 020 | _a978-0-07-070699-6 | ||
| 041 | _aENG | ||
| 082 |
_a624 _bPE-C |
||
| 100 | _aPeurifoy,Robert L | ||
| 245 | 0 | _aConstruction planning,equipment and methods | |
| 250 | _a7th Ed. | ||
| 260 |
_c2016 _aNew Delhi _bMcGraw Hill Education(India) Private Limited |
||
| 650 | _aCivil Engineering | ||
| 700 | _aSchexnayder,Clifford J. | ||
| 942 | _cBK | ||
| 999 |
_c1090 _d1090 |
||